Marki płynu do mycia naczyń - Statystyki

Ogólne statystyki
  • Ten quiz został rozwiązany 79 razy
  • Średni wynik to 3 z 8
Statystyki odpowiedzi
Marka % Poprawnych
Ludwik
95%
Fairy
65%
Pur
55%
Tymek
27%
Kraft
16%
W5
13%
Frosch
11%
Domol
7%
Nie znaleziono quizów pasujących do podanych kryteriów
Rozkład punktacji
Procent ludzi z każdym wynikiem
Percentyl według liczby udzielonych odpowiedzi
Twoja historia wyników
Nie rozwiązałeś tego quizu